000 00681pam a2200241 a 4500
001 1004850
005 20180118092045.0
008 870423s1988 nyu b 000 0 eng
010 _a 87013275
020 _a0195053621 (alk. paper)
020 _a0195050266 (pbk. : alk. paper) :
_c$18.95
020 _z0195050266 (alk. paper) :
_c$18.95
040 _aDLC
_cDLC
_dDLC
041 _aeng
080 _a174 JOA
082 0 0 _a174 JOA
_219
100 _a3
101 _aSHM
245 0 0 _aEthical issues in professional life /
_cedited by Joan C. Callahan.
504 _aBibliography: p. 468-470.
906 _a7
_bcbc
_corignew
_d1
_eocip
_f19
_gy-gencatlg
942 _2ddc
_cBK
999 _c40505
_d40505